[Event "Montreal op"]
[Site "Montreal CAN"]
[Date "2016.09.11"]
[Round "5.5"]
[White "Leveille, Francois"]
[Black "Calvelo, Jelvis"]
[Result "1-0"]
[WhiteElo "2357"]
[BlackElo "2156"]
[PlyCount "95"]
[EventDate "2016.09.09"]
[EventType "swiss"]
[EventRounds "5"]
[EventCountry "CAN"]

1. e4 e6 2. d4 d5 3. Nd2 dxe4 4. Nxe4 Bd7 5. Nf3 Bc6 6. Bd3 Nd7 7. Qe2 Ngf6 8.
Neg5 Bxf3 9. Nxf3 c6 10. Bd2 Be7 11. O-O-O h6 12. Rhe1 Qc7 13. Ne5 Nxe5 14.
dxe5 Nd5 15. Qg4 g6 16. Qf3 b5 17. Kb1 a5 18. Rc1 b4 19. Qe4 Rb8 20. Ka1 Qb6
21. f4 h5 22. g3 Bc5 23. Qc4 Bd4 24. Re4 Bg1 25. Re2 Bd4 26. Qa6 Ke7 27. Qc4
Rhc8 28. h3 a4 29. c3 bxc3 30. Bxc3 Bxc3 31. bxc3 Qa5 32. g4 hxg4 33. hxg4 Nb6
34. Qe4 Qd5 35. Qe3 Rd8 36. Be4 Qc4 37. f5 gxf5 38. gxf5 Ke8 39. fxe6 fxe6 40.
Rh2 Kd7 41. Bd3 Qg4 42. Rg1 Qxg1+ 43. Qxg1 Kc7 44. Rh7+ Nd7 45. Qa7+ Rb7 46.
Qa5+ Rb6 47. c4 Rg8 48. Qa7+ 1-0

[Event "Montreal op"]
[Site "Montreal CAN"]
[Date "2016.09.11"]
[Round "5.6"]
[White "Vijayalakshmi, Subbaraman"]
[Black "Chabot, Roland"]
[Result "1/2-1/2"]
[WhiteElo "2384"]
[BlackElo "2216"]
[PlyCount "114"]
[EventDate "2016.09.09"]
[EventType "swiss"]
[EventRounds "5"]
[EventCountry "CAN"]

1. d4 e6 2. c4 f5 3. g3 Nf6 4. Bg2 Bb4+ 5. Bd2 Qe7 6. a3 Bxd2+ 7. Nxd2 Nc6 8.
Ngf3 d6 9. O-O e5 10. d5 Nd8 11. e4 O-O 12. exf5 Bxf5 13. b4 Nf7 14. Qb3 Qd7
15. Rae1 Bh3 16. Ne4 Nxe4 17. Rxe4 Bxg2 18. Kxg2 Qf5 19. Qe3 a5 20. h3 axb4 21.
Nh4 Qd7 22. axb4 Ra2 23. Rg4 Rfa8 24. Nf3 R8a3 25. Qe4 Nh6 26. Ng5 Qf5 27. Qxf5
Nxf5 28. Kg1 h5 29. Re4 Nxg3 30. c5 Nxf1 31. cxd6 cxd6 32. Rc4 Ra8 33. Kxf1 Rd2
34. Rc7 b5 35. Ne6 Rxd5 36. Rxg7+ Kh8 37. Rg5 Kh7 38. Rxh5+ Kg6 39. Nf4+ exf4
40. Rxd5 f3 41. Kg1 Rg8 42. Kf1 Ra8 43. Rxd6+ Kg5 44. Ke1 Re8+ 45. Kd1 Re2 46.
Rd2 Re4 47. Rd5+ Kf4 48. h4 Rxb4 49. Kc2 Re4 50. Kd3 Re2 51. Rd4+ Kf5 52. Rb4
Rxf2 53. Ke3 Rh2 54. Kxf3 Rh3+ 55. Kg2 Rc3 56. Rxb5+ Kg4 57. Rb4+ Kh5 1/2-1/2

[Event "Montreal op"]
[Site "Montreal CAN"]
[Date "2016.09.11"]
[Round "5.7"]
[White "Milicevic, Goran"]
[Black "Luksza, Arkadiusz"]
[Result "1/2-1/2"]
[WhiteElo "2380"]
[BlackElo "2162"]
[PlyCount "145"]
[EventDate "2016.09.09"]
[EventType "swiss"]
[EventRounds "5"]
[EventCountry "CAN"]

1. e4 e6 2. d4 d5 3. Nd2 Be7 4. Ngf3 c5 5. c3 Nc6 6. e5 Nh6 7. Bd3 Qb6 8. dxc5
Bxc5 9. O-O Ng4 10. Qe2 Qc7 11. Nb3 Bb6 12. Bf4 Bd7 13. Nbd4 a6 14. h3 Nh6 15.
Bg3 Bxd4 16. Nxd4 Nxd4 17. cxd4 Qb6 18. Qe3 Bb5 19. Bxb5+ axb5 20. Rfd1 Nf5 21.
Qd3 Ra4 22. b4 Rxb4 23. Rdb1 Rc4 24. Kh2 O-O 25. f3 Qxd4 26. Qxd4 Nxd4 27. Rb2
b4 28. Rab1 Nc6 29. Be1 Ra8 30. Bxb4 Nxb4 31. Rxb4 Rxb4 32. Rxb4 Rxa2 33. Rxb7
g5 34. h4 Re2 35. hxg5 Rxe5 36. f4 Re3 37. Kg1 Re4 38. g3 Re2 39. Kf1 Rc2 40.
Rd7 Kg7 41. Kg1 Kg6 42. Kf1 Kg7 43. Kg1 Kg8 44. Kf1 Rd2 45. Kg1 Kg7 46. Kf1 Kg6
47. Kg1 Rc2 48. Kf1 Rc8 49. Ke2 Rh8 50. g4 h6 51. gxh6 Rxh6 52. Kf2 Rh3 53. Kg2
Ra3 54. Kf2 Kg7 55. Kg2 Rd3 56. Kf2 Kf8 57. Kg2 Ke8 58. Ra7 Rc3 59. Kf2 Kf8 60.
Rd7 Kg7 61. Kg2 Kg6 62. Kf2 f5 63. Rd6 fxg4 64. Rxe6+ Kf5 65. Re5+ Kxf4 66.
Rxd5 Rc2+ 67. Kg1 Kg3 68. Rd3+ Kh4 69. Rb3 Ra2 70. Rc3 Kg5 71. Rb3 Re2 72. Ra3
Kf4 73. Rb3 1/2-1/2

[Event "Montreal op"]
[Site "Montreal CAN"]
[Date "2016.09.11"]
[Round "5.10"]
[White "Agcaoili, Marlou"]
[Black "Nicula, Marius"]
[Result "1-0"]
[WhiteElo "2100"]
[BlackElo "2223"]
[PlyCount "61"]
[EventDate "2016.09.09"]
[EventType "swiss"]
[EventRounds "5"]
[EventCountry "CAN"]

1. c4 e6 2. g3 d5 3. Bg2 c6 4. Qc2 Bd6 5. d4 f5 6. f3 Ne7 7. Bg5 O-O 8. Nd2 h6
9. Bxe7 Qxe7 10. Nh3 b6 11. O-O Bb7 12. e4 e5 13. f4 exd4 14. e5 Bc5 15. Nf2
dxc4 16. Nxc4 a5 17. Nxb6 Ra6 18. Na4 Ba7 19. Nd3 Kh7 20. a3 Nd7 21. b4 axb4
22. axb4 g6 23. Nac5 Nxc5 24. bxc5 Rd8 25. Qc4 Rxa1 26. Rxa1 Ra8 27. h3 g5 28.
Kh2 gxf4 29. gxf4 Bc8 30. Bxc6 Be6 31. Qa6 1-0

[Event "Montreal op"]
[Site "Montreal CAN"]
[Date "2016.09.11"]
[Round "5.11"]
[White "Bassel, Charaf"]
[Black "Mendoza, Armand Jess"]
[Result "1-0"]
[WhiteElo "2109"]
[BlackElo "1863"]
[PlyCount "63"]
[EventDate "2016.09.09"]
[EventType "swiss"]
[EventRounds "5"]
[EventCountry "CAN"]

1. b3 e6 2. Bb2 f5 3. e4 Nf6 4. exf5 exf5 5. Qe2+ Qe7 6. Bxf6 gxf6 7. Nc3 c6 8.
O-O-O Qxe2 9. Ngxe2 Kd8 10. g3 b5 11. Bh3 d5 12. Nd4 a5 13. Bxf5 h6 14. Rde1
Ba3+ 15. Kd1 Bxf5 16. Nxf5 a4 17. Re6 axb3 18. axb3 Bc5 19. Ke2 h5 20. Rxf6
Re8+ 21. Kf3 Nd7 22. Rh6 Ne5+ 23. Kg2 Ng4 24. Rxc6 Nxf2 25. Rf1 Ba7 26. Rd6+
Kc8 27. Rxd5 Rf8 28. Ne7+ Kb7 29. Rd7+ Ka6 30. Ned5 Bb6 31. Ra1+ Ba5 32. b4 1-0

[Event "Montreal op"]
[Site "Montreal CAN"]
[Date "2016.09.11"]
[Round "5.12"]
[White "Masse, Hugues"]
[Black "Munro, Allan"]
[Result "1-0"]
[WhiteElo "2318"]
[BlackElo "2133"]
[PlyCount "55"]
[EventDate "2016.09.09"]
[EventType "swiss"]
[EventRounds "5"]
[EventCountry "CAN"]

1. d4 Nf6 2. c4 g6 3. g3 Bg7 4. Bg2 d6 5. Nf3 O-O 6. Nc3 c6 7. O-O Nbd7 8. e4
e5 9. h3 Qc7 10. Be3 Re8 11. d5 c5 12. Ne1 a6 13. a4 b6 14. Nd3 Nf8 15. Rb1 h6
16. b4 Bd7 17. a5 cxb4 18. axb6 Qxc4 19. Nxb4 Reb8 20. Qb3 Qc8 21. Nc6 Bxc6 22.
dxc6 Qxc6 23. b7 Ne6 24. bxa8=Q Rxa8 25. Nd5 Qe8 26. Nxf6+ Bxf6 27. Qd5 Be7 28.
h4 1-0

[Event "Montreal op"]
[Site "Montreal CAN"]
[Date "2016.09.11"]
[Round "5.13"]
[White "Marin, Sam"]
[Black "Khoudgarian, Natalia"]
[Result "1/2-1/2"]
[WhiteElo "2094"]
[BlackElo "2276"]
[PlyCount "37"]
[EventDate "2016.09.09"]
[EventType "swiss"]
[EventRounds "5"]
[EventCountry "CAN"]

1. e4 e6 2. Nf3 d5 3. exd5 exd5 4. d4 Bg4 5. Be2 Bd6 6. Bg5 Ne7 7. Nbd2 Nbc6 8.
c3 f6 9. Bh4 O-O 10. Bg3 Re8 11. O-O Ng6 12. Bd3 Qd7 13. Qc2 Nce7 14. Nh4 Nxh4
15. Bxh4 Bf5 16. Bg3 Bxd3 17. Qxd3 Nf5 18. Bxd6 Nxd6 19. Rfe1 1/2-1/2

[Event "Montreal op"]
[Site "Montreal CAN"]
[Date "2016.09.11"]
[Round "5.14"]
[White "Sprumont, Oscar"]
[Black "Robichaud, Louis"]
[Result "1-0"]
[WhiteElo "2141"]
[BlackElo "2185"]
[PlyCount "81"]
[EventDate "2016.09.09"]
[EventType "swiss"]
[EventRounds "5"]
[EventCountry "CAN"]

1. Nf3 Nf6 2. c4 g6 3. Nc3 Bg7 4. g3 O-O 5. Bg2 d6 6. O-O e5 7. d3 Nc6 8. Rb1
a5 9. a3 h6 10. b4 axb4 11. axb4 Be6 12. b5 Nd4 13. Nxd4 exd4 14. Nd5 Nd7 15.
Nb4 Nc5 16. Bb2 Rb8 17. Ra1 Re8 18. Re1 Qd7 19. Ra2 Bh3 20. Bxh3 Qxh3 21. Nc2
Re5 22. Nxd4 Rh5 23. Nf3 Bxb2 24. Rxb2 Nd7 25. e3 Ne5 26. Nxe5 Qxh2+ 27. Kf1
Qh3+ 28. Ke2 Rxe5 29. Rh1 Qe6 30. Rxh6 Re8 31. Qg1 d5 32. cxd5 Qg4+ 33. Kd2 Rh5
34. Rxh5 Qxh5 35. Qg2 Rd8 36. b6 cxb6 37. Rxb6 Rxd5 38. Rxb7 Ra5 39. Rb8+ Kh7
40. Ra8 Qb5 41. Qh2+ 1-0

[Event "Montreal op"]
[Site "Montreal CAN"]
[Date "2016.09.11"]
[Round "5.15"]
[White "Jacquet, Stephane"]
[Black "Fillion, Steve"]
[Result "1/2-1/2"]
[WhiteElo "2050"]
[BlackElo "2170"]
[PlyCount "33"]
[EventDate "2016.09.09"]
[EventType "swiss"]
[EventRounds "5"]
[EventCountry "CAN"]

1. d4 d5 2. c4 c6 3. Nc3 Nf6 4. Nf3 dxc4 5. a4 Bf5 6. e3 e6 7. Bxc4 Bb4 8. O-O
O-O 9. Qe2 Nbd7 10. e4 Bg6 11. Bg5 h6 12. Bh4 Qa5 13. e5 Nd5 14. Ne4 Nf4 15.
Qe3 Nd5 16. Qe2 Nf4 17. Qe3 1/2-1/2

[Event "Montreal op"]
[Site "Montreal CAN"]
[Date "2016.09.11"]
[Round "5.17"]
[White "Laurain, Guy"]
[Black "Tonakanian, Stephan"]
[Result "1/2-1/2"]
[WhiteElo "2028"]
[BlackElo "2147"]
[PlyCount "44"]
[EventDate "2016.09.09"]
[EventType "swiss"]
[EventRounds "5"]
[EventCountry "CAN"]

1. e4 e6 2. d4 d5 3. Nc3 Bb4 4. e5 c5 5. a3 Bxc3+ 6. bxc3 Ne7 7. Nf3 Nbc6 8.
Bd3 Bd7 9. Rb1 Qc7 10. O-O Ng6 11. Re1 b6 12. h4 h6 13. h5 Nge7 14. dxc5 bxc5
15. Be3 Nxe5 16. Nxe5 Qxe5 17. Bd4 Qg5 18. Bxc5 Bc6 19. Bd4 O-O 20. Re5 Nf5 21.
Bxf5 exf5 22. Qf3 Qg4 1/2-1/2

[Event "Montreal op"]
[Site "Montreal CAN"]
[Date "2016.09.11"]
[Round "5.18"]
[White "Huang, Qiuyu"]
[Black "Tremblay, Rejean"]
[Result "1-0"]
[WhiteElo "2105"]
[BlackElo "2223"]
[PlyCount "71"]
[EventDate "2016.09.09"]
[EventType "swiss"]
[EventRounds "5"]
[EventCountry "CAN"]

1. e4 c5 2. Nf3 d6 3. d4 cxd4 4. Nxd4 Nf6 5. Nc3 a6 6. Bg5 e6 7. f4 Qb6 8. Nb3
Nbd7 9. Qd2 Be7 10. O-O-O Qc7 11. Re1 b5 12. Nd4 b4 13. Nd5 exd5 14. exd5 Kf8
15. Qe2 Nb8 16. Bxf6 gxf6 17. Qh5 h6 18. Bd3 Qc5 19. Re4 Ra7 20. Rhe1 Rc7 21.
Qe2 Qa7 22. f5 Rd7 23. Qe3 Ke8 24. Qh3 Kf8 25. Qe3 Rc7 26. Kb1 Qb7 27. b3 Qa7
28. Bc4 h5 29. h3 Rh7 30. Qe2 Kg7 31. g4 h4 32. g5 Bd7 33. g6 Rh8 34. gxf7 Rcc8
35. Qg4+ Kxf7 36. Rxe7+ 1-0

[Event "Montreal op"]
[Site "Montreal CAN"]
[Date "2016.09.11"]
[Round "5.19"]
[White "Turcotte, Jonathan"]
[Black "Lopez Linares, Lizandro"]
[Result "0-1"]
[WhiteElo "2102"]
[BlackElo "2222"]
[PlyCount "86"]
[EventDate "2016.09.09"]
[EventType "swiss"]
[EventRounds "5"]
[EventCountry "CAN"]

1. d4 d5 2. c4 c6 3. Nf3 Nf6 4. Nc3 dxc4 5. a4 Bf5 6. Ne5 Nbd7 7. Nxc4 Nb6 8.
Ne5 a5 9. f3 Nfd7 10. Nxd7 Nxd7 11. e4 Bg6 12. Be3 Qb6 13. Qd2 e5 14. dxe5 Bc5
15. Bxc5 Nxc5 16. Rd1 O-O 17. Be2 Nb3 18. Qc2 Nd4 19. Qc1 Rad8 20. g4 h5 21. h3
Rfe8 22. f4 Nb3 23. Qc2 Nd4 24. Qc1 Qb4 25. Bd3 Nb3 26. Qc2 Nc5 27. f5 Bh7 28.
Be2 Rxd1+ 29. Bxd1 Qd4 30. Bf3 Nd3+ 31. Kf1 Nxe5 32. Kg2 Nc4 33. Qe2 g6 34.
fxg6 Bxg6 35. Re1 hxg4 36. hxg4 Kg7 37. Nd1 Rh8 38. Rh1 Rxh1 39. Kxh1 Ne5 40.
Nc3 Nd3 41. Nd1 b5 42. b3 bxa4 43. bxa4 Ne5 0-1

[Event "Montreal op"]
[Site "Montreal CAN"]
[Date "2016.09.11"]
[Round "5.20"]
[White "Prahov, Valentin"]
[Black "Pitre, Francois"]
[Result "1-0"]
[WhiteElo "2149"]
[BlackElo "1962"]
[PlyCount "89"]
[EventDate "2016.09.09"]
[EventType "swiss"]
[EventRounds "5"]
[EventCountry "CAN"]

1. e4 e5 2. Nf3 Nc6 3. Bc4 Nf6 4. Ng5 d5 5. exd5 Na5 6. Bb5+ c6 7. dxc6 bxc6 8.
Be2 h6 9. Nh3 Bd6 10. d3 O-O 11. Nc3 Nd5 12. Bf3 Be6 13. Bd2 Rb8 14. Rb1 Nb7
15. a3 f5 16. Ng1 Qd7 17. Nge2 g5 18. Ng3 Rbe8 19. h4 Nf4 20. hxg5 hxg5 21. Kf1
g4 22. Be2 Qf7 23. b4 Nd8 24. a4 Bd7 25. b5 Nde6 26. Nxf5 Qxf5 27. Bxg4 Qg6 28.
g3 Nxd3 29. cxd3 Qxd3+ 30. Qe2 Qxe2+ 31. Nxe2 Bc5 32. Rh2 cxb5 33. axb5 Rd8 34.
Bb4 Rf7 35. Bxe6 Bxe6 36. Bxc5 Rd2 37. Be3 Rc2 38. Rc1 Rb2 39. Rh5 Bf5 40. Nc3
e4 41. g4 Bd7 42. Nxe4 Bxb5+ 43. Kg1 Rb4 44. Rg5+ Kh7 45. Nd6 1-0

[Event "Montreal op"]
[Site "Montreal CAN"]
[Date "2016.09.11"]
[Round "5.21"]
[White "Durette, Francis"]
[Black "Gauthier, Denis"]
[Result "0-1"]
[WhiteElo "2133"]
[BlackElo "1957"]
[PlyCount "68"]
[EventDate "2016.09.09"]
[EventType "swiss"]
[EventRounds "5"]
[EventCountry "CAN"]

1. e4 c5 2. Nf3 e6 3. d4 cxd4 4. Nxd4 Nc6 5. c4 Nf6 6. Nc3 Bb4 7. f3 O-O 8. Be3
d5 9. Nxc6 bxc6 10. e5 Nd7 11. f4 f6 12. cxd5 cxd5 13. exf6 Qxf6 14. Rc1 Bb7
15. Bb5 Bc5 16. Bxc5 Nxc5 17. O-O a6 18. Be2 d4 19. Nb1 Rac8 20. Bg4 Bd5 21.
Qe2 a5 22. Qd2 a4 23. Qa5 Nd3 24. Rxc8 Rxc8 25. Qa6 Rc2 26. Bh3 Qg6 27. Nd2 h5
28. f5 Qg5 29. f6 Qe3+ 30. Kh1 Qxh3 31. f7+ Kh7 32. f8=N+ Kh6 33. Qxe6+ Qxe6
34. Nxe6 Rxd2 0-1

[Event "Montreal op"]
[Site "Montreal CAN"]
[Date "2016.09.11"]
[Round "5.22"]
[White "Rondon, Luciano"]
[Black "Fan, Run Kun"]
[Result "0-1"]
[WhiteElo "2045"]
[BlackElo "1961"]
[PlyCount "50"]
[EventDate "2016.09.09"]
[EventType "swiss"]
[EventRounds "5"]
[EventCountry "CAN"]

1. d4 d5 2. c4 c6 3. Nc3 Nf6 4. Nf3 e6 5. Bg5 dxc4 6. e4 b5 7. a4 Bb4 8. axb5
cxb5 9. e5 h6 10. exf6 hxg5 11. fxg7 Rg8 12. h4 g4 13. h5 Rxg7 14. h6 Rh7 15.
Ne5 Nd7 16. Nxd7 Kxd7 17. Qxg4 Bb7 18. Be2 Qf6 19. Rh5 a6 20. Qh3 Rah8 21. d5
Rxh6 22. dxe6+ Qxe6 23. O-O-O+ Kc7 24. Qg3+ Bd6 25. Rc5+ Kb6 0-1

[Event "Montreal op"]
[Site "Montreal CAN"]
[Date "2016.09.11"]
[Round "5.23"]
[White "Martin, Steve"]
[Black "Weston, Paul"]
[Result "1-0"]
[WhiteElo "1915"]
[BlackElo "1994"]
[PlyCount "43"]
[EventDate "2016.09.09"]
[EventType "swiss"]
[EventRounds "5"]
[EventCountry "CAN"]

1. e4 c5 2. Nc3 Nc6 3. Bb5 g6 4. Bxc6 dxc6 5. d3 Bg7 6. f4 Nf6 7. Nf3 O-O 8.
Be3 b6 9. h3 Ne8 10. Qd2 e6 11. g4 Qe7 12. e5 f6 13. O-O-O Nc7 14. h4 Bd7 15.
h5 Kf7 16. Ne4 fxe5 17. fxe5 Kg8 18. Rdf1 Rxf3 19. Rxf3 Bxe5 20. Bg5 Qg7 21.
Bf6 Qf7 22. hxg6 1-0

[Event "Montreal op"]
[Site "Montreal CAN"]
[Date "2016.09.11"]
[Round "5.24"]
[White "Bouchard, Jean-Marc"]
[Black "Perna-Fraser, David"]
[Result "1/2-1/2"]
[WhiteElo "1992"]
[BlackElo "1907"]
[PlyCount "51"]
[EventDate "2016.09.09"]
[EventType "swiss"]
[EventRounds "5"]
[EventCountry "CAN"]

1. b3 e5 2. Bb2 Nc6 3. e3 d5 4. Bb5 Bd6 5. f4 Qe7 6. Nf3 Bg4 7. fxe5 Bxf3 8.
Qxf3 Bxe5 9. d4 Bd6 10. c4 O-O-O 11. c5 Nb4 12. Na3 a6 13. cxd6 Rxd6 14. Be2
Rf6 15. Qh3+ Kb8 16. Rf1 Rh6 17. Qg3 Rg6 18. Qf2 Rf6 19. Qg1 Qe4 20. Rxf6 Nxf6
21. Bc3 Nc2+ 22. Nxc2 Qxc2 23. Bb4 Qb2 24. Kf2 Ne4+ 25. Kf3 Ng5+ 26. Kf2
1/2-1/2

[Event "Montreal op U1700"]
[Site "Montreal CAN"]
[Date "2016.09.10"]
[Round "2.2"]
[White "Jordanov, Jordan"]
[Black "Milosz, Jerzy"]
[Result "1/2-1/2"]
[WhiteElo "1420"]
[BlackElo "1584"]
[PlyCount "125"]
[EventDate "2016.09.09"]
[EventType "swiss"]
[EventRounds "5"]
[EventCountry "CAN"]

1. d4 Nf6 2. c4 e6 3. Nf3 Nc6 4. e3 Bb4+ 5. Nbd2 Ne4 6. a3 Bxd2+ 7. Nxd2 Nxd2
8. Bxd2 d5 9. cxd5 exd5 10. Bd3 O-O 11. Qc2 g6 12. h4 Re8 13. O-O-O Ne7 14. h5
Bf5 15. hxg6 Bxg6 16. Bxg6 fxg6 17. Rh3 Rf8 18. Rdh1 Rf7 19. g4 Qd7 20. Qd1
Qc6+ 21. Kb1 Raf8 22. f4 Qe6 23. Qg1 Qe4+ 24. Ka2 Rg7 25. Rg3 Rff7 26. Rh2 Kf8
27. Bb4 Ke8 28. Bxe7 Qxe7 29. Rf2 Kf8 30. f5 gxf5 31. Rxf5 Rxf5 32. gxf5 Rxg3
33. Qxg3 Qd6 34. Qg5 h6 35. Qg4 Qf6 36. Qf4 Qd6 37. Qh4 Kg7 38. Qg4+ Kf7 39.
Kb1 Qf6 40. Qh5+ Ke7 41. Qf3 c6 42. Kc1 Qg5 43. Kd2 Kf6 44. Qh3 h5 45. Qh2 Qxf5
46. Qd6+ Kg5 47. Qe7+ Kg4 48. Qg7+ Kf3 49. Qxb7 Qg6 50. Qxa7 Qg2+ 51. Kc3 Kxe3
52. Qe7+ Kf2 53. a4 Qg3+ 54. Kb4 h4 55. Qf6+ Kg1 56. Qxc6 h3 57. Qc1+ Kg2 58.
Qd2+ Kf1 59. Kc5 h2 60. Qd1+ Kg2 61. Qe2+ Qf2 62. Qg4+ Qg3 63. Qe2+ 1/2-1/2

[Event "Montreal op U2000"]
[Site "Montreal CAN"]
[Date "2016.09.09"]
[Round "1.41"]
[White "Morin, Maxime"]
[Black "Brassard, Sylvain"]
[Result "1-0"]
[WhiteElo "1662"]
[BlackElo "1873"]
[PlyCount "72"]
[EventDate "2016.09.09"]
[EventType "swiss"]
[EventRounds "5"]
[EventCountry "CAN"]

1. e4 Nf6 2. e5 Nd5 3. d4 d6 4. Nf3 dxe5 5. Nxe5 c6 6. Be2 Bf5 7. O-O Nd7 8.
Nf3 e6 9. c4 N5f6 10. Nc3 Be7 11. Bf4 Ne4 12. Nxe4 Bxe4 13. Nd2 Bg6 14. Qb3 Qb6
15. c5 Qxb3 16. axb3 e5 17. dxe5 Nxc5 18. Be3 a6 19. f4 Bd3 20. Rfc1 Bxe2 21.
Bxc5 Bxc5+ 22. Rxc5 Bd3 23. Kf2 Rd8 24. Ke3 O-O 25. Rc3 Bf5 26. Nc4 Rfe8 27. h3
Bc8 28. Rd3 Rxd3+ 29. Kxd3 Kf8 30. Nd6 Rd8 31. Kd4 Ke7 32. Kc5 Kd7 33. Nxf7 Rf8
34. f5 Ke7 35. e6 h6 36. Re1 g6 1-0

[Event "Montreal op U2000"]
[Site "Montreal CAN"]
[Date "2016.09.09"]
[Round "1.48"]
[White "Mangahas, Ronald"]
[Black "Nafii, Adali"]
[Result "1-0"]
[WhiteElo "1834"]
[BlackElo "1623"]
[PlyCount "73"]
[EventDate "2016.09.09"]
[EventType "swiss"]
[EventRounds "5"]
[EventCountry "CAN"]

1. e4 c5 2. Nf3 Nc6 3. d4 cxd4 4. Nxd4 e5 5. Nb3 Nf6 6. Nc3 Be7 7. Bc4 a6 8.
Bg5 d6 9. O-O Bg4 10. f3 Bh5 11. Qd2 Rc8 12. Be3 O-O 13. Qf2 Nb8 14. Bb6 Qe8
15. Bd5 Nxd5 16. Nxd5 Nd7 17. Be3 Bg6 18. Rad1 f5 19. exf5 Bxf5 20. c3 Qf7 21.
Qd2 Rcd8 22. Nxe7+ Qxe7 23. Qxd6 Qf7 24. Na5 Nf6 25. Qxe5 Bc2 26. Rxd8 Rxd8 27.
Bd4 Re8 28. Qf4 Qd5 29. b4 Nh5 30. Qd2 Bg6 31. Re1 Rf8 32. Re5 Qd7 33. Qe3 Nf4
34. Re7 Re8 35. Rxd7 Ne2+ 36. Kf2 Rxe3 37. Kxe3 1-0

[Event "Montreal op U2000"]
[Site "Montreal CAN"]
[Date "2016.09.10"]
[Round "2.1"]
[White "Nica, Ion"]
[Black "Trochu, Julien"]
[Result "1/2-1/2"]
[WhiteElo "1791"]
[BlackElo "1992"]
[PlyCount "112"]
[EventDate "2016.09.09"]
[EventType "swiss"]
[EventRounds "5"]
[EventCountry "CAN"]

1. d4 d5 2. e4 c6 3. f3 e6 4. Bf4 c5 5. Bb5+ Nc6 6. c3 Qb6 7. exd5 Qxb5 8. dxc6
bxc6 9. Qe2 Qxe2+ 10. Nxe2 Ba6 11. dxc5 Bxc5 12. b4 Be7 13. a4 Nf6 14. Nd4 Nd5
15. Bd2 c5 16. Nc6 cxb4 17. cxb4 Bf6 18. Ra3 Bc4 19. Nc3 Kd7 20. Nxd5 exd5 21.
Na5 Rhe8+ 22. Re3 d4 23. Nxc4 dxe3 24. Nxe3 Rac8 25. Kf2 Bd4 26. Rd1 Kc6 27.
Rc1+ Kb7 28. Rxc8 Rxc8 29. Ke2 Bxe3 30. Kxe3 Rc2 31. Kd3 Ra2 32. a5 a6 33. g4
Kc6 34. h4 Kd5 35. h5 g6 36. h6 f5 37. g5 Ke5 38. f4+ Kd5 39. Be1 Ra3+ 40. Bc3
Ra2 41. Bd2 Rxd2+ 42. Kxd2 Kc4 43. Ke3 Kxb4 44. Kd4 Kxa5 45. Ke5 Kb4 46. Kf6 a5
47. Kg7 a4 48. Kxh7 a3 49. Kg8 a2 50. h7 a1=Q 51. h8=Q Qa7 52. Qf6 Qc7 53. Qb2+
Ka4 54. Qd4+ Kb3 55. Qd5+ Kb4 56. Qd4+ Kb3 1/2-1/2

[Event "Montreal op U2000"]
[Site "Montreal CAN"]
[Date "2016.09.10"]
[Round "2.2"]
[White "Lalmi, Anouar"]
[Black "Hollander, Michael"]
[Result "1/2-1/2"]
[WhiteElo "1988"]
[BlackElo "1786"]
[PlyCount "98"]
[EventDate "2016.09.09"]
[EventType "swiss"]
[EventRounds "5"]
[EventCountry "CAN"]

1. e4 e6 2. d4 d5 3. exd5 exd5 4. Bd3 Nc6 5. c3 Nf6 6. Bg5 Be7 7. Nd2 Ne4 8.
Be3 Nxd2 9. Qxd2 Bg4 10. Ne2 Qd7 11. Qc2 O-O-O 12. h3 Be6 13. Nf4 g6 14. Nxe6
Qxe6 15. O-O-O Bd6 16. Rhe1 Rde8 17. Bb5 a6 18. Bxc6 bxc6 19. Qa4 Kd7 20. a3 a5
21. h4 Qe4 22. g3 f5 23. c4 Qf3 24. Qxa5 Bxg3 25. cxd5 Bxh4 26. dxc6+ Qxc6+ 27.
Kb1 Ra8 28. Qd2 Qd5 29. Bg5 Bxg5 30. Qxg5 Rhe8 31. Re3 Rxe3 32. Qxe3 Re8 33.
Qc3 Re2 34. f3 h5 35. Qd3 Re6 36. Rc1 Rc6 37. Re1 Re6 38. Rc1 Rd6 39. Rd1 h4
40. Qe3 Re6 41. Qf4 h3 42. Rc1 Rc6 43. Rxc6 Kxc6 44. Qg3 Qxd4 45. Qxh3 Qd1+ 46.
Ka2 Kb5 47. Qg3 Qd5+ 48. Kb1 Qd1+ 49. Ka2 Qd5+ 1/2-1/2

[Event "Montreal op U2000"]
[Site "Montreal CAN"]
[Date "2016.09.10"]
[Round "2.3"]
[White "Lalonde, Paul"]
[Black "Alcantara, Maximo jr"]
[Result "1-0"]
[WhiteElo "1980"]
[BlackElo "1681"]
[PlyCount "27"]
[EventDate "2016.09.09"]
[EventType "swiss"]
[EventRounds "5"]
[EventCountry "CAN"]

1. e4 c6 2. d4 d5 3. Nc3 e6 4. Nf3 h6 5. Bd3 Bb4 6. Bd2 Nf6 7. e5 Nfd7 8. a3
Ba5 9. O-O a6 10. b4 Bc7 11. Qe2 g5 12. b5 c5 13. Qe3 cxd4 14. Qxd4 {...} 1-0

[Event "Montreal op U2000"]
[Site "Montreal CAN"]
[Date "2016.09.10"]
[Round "2.3"]
[White "Lalonde, Paul"]
[Black "Alcantara, Maximo jr"]
[Result "1-0"]
[WhiteElo "1980"]
[BlackElo "1681"]
[PlyCount "56"]
[EventDate "2016.09.09"]
[EventType "swiss"]
[EventRounds "5"]
[EventCountry "CAN"]

1. e4 c6 2. d4 d5 3. Nc3 e6 4. Nf3 h6 5. Bd3 Bb4 6. Bd2 Nf6 7. e5 Nfd7 8. a3
Ba5 9. O-O a6 10. b4 Bc7 11. Qe2 a5 12. b5 c5 13. Qe3 cxd4 14. Qxd4 Qe7 15.
Rfe1 b6 16. Nxd5 exd5 17. Qxd5 Ra7 18. e6 O-O 19. exd7 Qxd7 20. Qe4 f5 21. Bc4+
Kh8 22. Qh4 Bd8 23. Qh5 Kh7 24. Rad1 Qc7 25. Ne5 Qc5 26. Qg6+ Kh8 27. Bxh6 Bf6
28. Bxg7+ Rxg7 1-0

[Event "Montreal op U2000"]
[Site "Montreal CAN"]
[Date "2016.09.10"]
[Round "2.4"]
[White "Lauron, Ranel"]
[Black "Morin, Maxime"]
[Result "0-1"]
[WhiteElo "1953"]
[BlackElo "1662"]
[PlyCount "84"]
[EventDate "2016.09.09"]
[EventType "swiss"]
[EventRounds "5"]
[EventCountry "CAN"]

1. e4 c5 2. d4 cxd4 3. Qxd4 Nc6 4. Qe3 g6 5. Nc3 Bg7 6. Bd2 Nf6 7. O-O-O O-O 8.
f4 d5 9. exd5 Nxd5 10. Qe1 Qa5 11. Bc4 Nxc3 12. Bxc3 Bxc3 13. Qxc3 Qxc3 14.
bxc3 Bg4 15. Re1 Rfe8 16. h3 Bd7 17. Nf3 Na5 18. Bxf7+ Kxf7 19. Ne5+ Ke6 20.
Nc4+ Kf5 21. Nxa5 b6 22. Nc4 Rac8 23. Ne3+ Kxf4 24. Rhf1+ Kg5 25. Nd5 Rc5 26.
Re5+ Kh6 27. Rf7 Rxd5 28. Re4 Bf5 29. Rh4+ Kg5 30. Rhxh7 e5 31. h4+ Kg4 32. h5
g5 33. Rhg7 e4 34. h6 e3 35. Re7 Re5 36. Rxe5 Rxe5 37. Kd1 Kg3 38. Ke1 Bg4 39.
c4 Re6 40. h7 Rh6 41. Rf7 Rh1+ 42. Rf1 Rxh7 0-1

[Event "Montreal op U2000"]
[Site "Montreal CAN"]
[Date "2016.09.10"]
[Round "2.5"]
[White "Messaoudene, Kamel"]
[Black "Esterez, Emmanuel"]
[Result "0-1"]
[WhiteElo "1775"]
[BlackElo "1899"]
[PlyCount "112"]
[EventDate "2016.09.09"]
[EventType "swiss"]
[EventRounds "5"]
[EventCountry "CAN"]

1. e4 Nc6 2. d4 d5 3. e5 h5 4. h3 Bf5 5. a3 e6 6. Nf3 Nh6 7. Bb5 a6 8. Bxc6+
bxc6 9. Nc3 c5 10. Ne2 cxd4 11. Qxd4 c5 12. Qa4+ Qd7 13. Qxd7+ Kxd7 14. c3 Be7
15. Ng3 Bg6 16. Bg5 f6 17. Bf4 Nf5 18. exf6 gxf6 19. O-O-O h4 20. Nf1 Nd6 21.
N1d2 Ne4 22. Rhf1 Bd6 23. Bxd6 Kxd6 24. Nc4+ Ke7 25. Na5 c4 26. Nc6+ Kd6 27.
Nb4 Nc5 28. Nd2 a5 29. Nc2 Nd3+ 30. Kb1 Rab8 31. Ka1 Nxb2 32. Rc1 e5 33. f4 Ke6
34. Ne3 Nd3 35. f5+ Bxf5 36. Rb1 Nf4 37. Nxf5 Kxf5 38. Nf3 Rb3 39. Rxb3 cxb3
40. Kb2 a4 41. Nh2 Rg8 42. Ng4 Rxg4 43. hxg4+ Kxg4 44. Rd1 Kg3 45. Rd2 Nxg2 46.
Rxd5 h3 47. Rd3+ Kg4 48. c4 h2 49. Rd1 Ne3 50. Rc1 Nxc4+ 51. Rxc4+ Kg3 52. Rxa4
h1=Q 53. Kxb3 Qd1+ 54. Kb4 e4 55. Ra6 e3 56. Re6 Qd4+ 0-1